[Event "Alicante Easter op 7th"]
[Site "La Nucia"]
[Date "2023.04.06"]
[Round "2"]
[White "Tiglon, Bryce"]
[Black "Salvador Lopez, Daniel"]
[Result "1-0"]
[WhiteElo "2502"]
[BlackElo "2128"]
[PlyCount "47"]
[EventDate "2023.04.05"]
[EventType "swiss"]
[EventRounds "9"]
[EventCountry "ESP"]
[SourceTitle "CBM 213 Extra"]
[Source "ChessBase"]
[SourceDate "2023.05.31"]
[SourceVersion "1"]
[SourceVersionDate "2023.05.31"]
[SourceQuality "1"]

1. e4 c6 2. d4 d5 3. e5 Bf5 4. Nf3 e6 5. Be2 Bb4+ 6. c3 Ba5 7. Qb3 Nd7 8. Qxb7 Bxb1 9. b4 Bc2 10. bxa5 Rb8 11. Qxc6 Qxa5 12. 0-0 Ne7 13. Qa6 Qxc3 14. Bg5 Rb6 15. Qxa7 Nc8 16. Qa8 0-0 17. Bd2 Qb2 18. Qa5 Ne7 19. Rfc1 Rc8 20. a4 Rbb8 21. Bb5 Nb6 22. Qb4 Qxb4 23. Bxb4 Kf8 24. Bd6 1-0

[Event "Silla CC 60 Masters"]
[Site "Silla"]
[Date "2022.05.12"]
[Round "8"]
[White "Kotronias, Vasilios"]
[Black "Salvador Lopez, Daniel"]
[Result "1-0"]
[WhiteElo "2465"]
[BlackElo "2134"]
[PlyCount "37"]
[EventDate "2022.05.09"]
[EventType "tourn"]
[EventRounds "10"]
[EventCountry "ESP"]
[EventCategory "3"]
[SourceTitle "CBM 208 Extra"]
[Source "ChessBase"]
[SourceDate "2022.07.31"]
[SourceVersion "1"]
[SourceVersionDate "2022.07.31"]
[SourceQuality "1"]

1. e4 c6 2. d4 d5 3. e5 Bf5 4. h4 h5 5. Bd3 Bxd3 6. Qxd3 e6 7. Bg5 Qa5+ 8. Nd2 Qa6 9. c4 Bb4 10. b3 Ne7 11. Ne2 Nd7 12. 0-0 Bxd2 13. Bxe7 Kxe7 14. Qxd2 Rag8 15. Rfc1 Qb6 16. a4 f6 17. a5 Qc7 18. cxd5 exd5 19. Nf4 1-0

[Event "ESP-chT CECLUB Div2"]
[Site "Linares"]
[Date "2021.08.10"]
[Round "2.5"]
[White "Salvador Lopez, Daniel"]
[Black "Soham, Das1111"]
[Result "0-1"]
[WhiteElo "2162"]
[BlackElo "2385"]
[PlyCount "74"]
[EventDate "2021.08.09"]
[EventType "team-swiss"]
[EventRounds "7"]
[EventCountry "ESP"]
[SourceTitle "CBM 203 Extra"]
[Source "ChessBase"]
[SourceDate "2021.09.30"]
[SourceVersion "1"]
[SourceVersionDate "2021.09.30"]
[SourceQuality "1"]
[WhiteTeam "Manises Eva"]
[BlackTeam "Villalba 64 Miscasa"]
[WhiteTeamCountry "ESP"]
[BlackTeamCountry "ESP"]

1. d4 f5 2. Nc3 Nf6 3. Bg5 d5 4. e3 e6 5. Nf3 a6 6. Ne2 c5 7. Nf4 Nc6 8. c3 cxd4 9. exd4 Qc7 10. Bxf6 gxf6 11. g3 Bd6 12. Qd2 0-0 13. Bg2 Kh8 14. Kf1 Rg8 15. h3 Qf7 16. Nh4 Bd7 17. Bf3 b5 18. Re1 b4 19. c4 Bxf4 20. Qxf4 dxc4 21. d5 e5 22. Qxc4 Nd4 23. Kg2 Bb5 24. Qxb4 Nc2 25. Qd2 Nxe1+ 26. Rxe1 Bd7 27. Kh2 Rad8 28. Qh6 Qg7 29. Qe3 Qg5 30. Qa7 e4 31. Be2 f4 32. Rg1 Qe5 33. Qxa6 Rg7 34. Bg4 Bxg4 35. hxg4 Rxg4 36. Qe6 fxg3+ 37. fxg3 Rxh4+ 0-1

[Event "ESP-ch rapid"]
[Site "Linares"]
[Date "2019.08.24"]
[Round "2"]
[White "Espinosa Aranda, Angel"]
[Black "Salvador Lopez, Daniel"]
[Result "1-0"]
[WhiteElo "2497"]
[BlackElo "2125"]
[PlyCount "51"]
[EventDate "2019.08.24"]
[EventType "swiss (rapid)"]
[EventRounds "9"]
[EventCountry "ESP"]
[SourceTitle "EXT 2020"]
[Source "ChessBase"]
[SourceDate "2019.10.17"]
[SourceVersion "1"]
[SourceVersionDate "2019.10.17"]
[SourceQuality "1"]

1. e4 c6 2. d4 d5 3. e5 c5 4. dxc5 Nc6 5. Nf3 Bg4 6. c3 e6 7. Be3 Nge7 8. Nbd2 Nf5 9. Bd4 Rc8 10. Be2 Be7 11. h3 Bxf3 12. Nxf3 0-0 13. 0-0 Nfxd4 14. cxd4 b6 15. Ba6 Rb8 16. Bb5 Na5 17. c6 Qc7 18. Rc1 f6 19. exf6 Bxf6 20. Qe2 Rbe8 21. b4 Nc4 22. Bxc4 dxc4 23. Qxc4 Kh8 24. Rfe1 Qf4 25. Rc3 e5 26. dxe5 1-0

[Event "ESP-ch rapid"]
[Site "Linares"]
[Date "2019.08.24"]
[Round "7"]
[White "Giaccio, Alfredo Gustavo"]
[Black "Salvador Lopez, Daniel"]
[Result "1-0"]
[WhiteElo "2420"]
[BlackElo "2125"]
[PlyCount "109"]
[EventDate "2019.08.24"]
[EventType "swiss (rapid)"]
[EventRounds "9"]
[EventCountry "ESP"]
[SourceTitle "EXT 2020"]
[Source "ChessBase"]
[SourceDate "2019.10.17"]
[SourceVersion "1"]
[SourceVersionDate "2019.10.17"]
[SourceQuality "1"]

1. e4 c6 2. d4 d5 3. Nc3 dxe4 4. Nxe4 Bf5 5. Ng3 Bg6 6. h4 h6 7. Nf3 Nd7 8. Bd3 Bxd3 9. Qxd3 e6 10. 0-0 Ngf6 11. c4 Bd6 12. Ne4 Nxe4 13. Qxe4 Nf6 14. Qe2 0-0 15. Bd2 Qc7 16. Bc3 Qe7 17. a3 Rfe8 18. g3 Rad8 19. Rfe1 Qc7 20. Kg2 Ng4 21. b4 b5 22. Ne5 Nxe5 23. dxe5 Be7 24. Rad1 Qb7 25. c5 Rd5 26. Rxd5 cxd5 27. Bd4 Qc6 28. Ra1 Ra8 29. a4 Rb8 30. axb5 Rxb5 31. Rxa7 Rxb4 32. Rxe7 Rxd4 33. Qf3 Kh7 34. Qxf7 Rg4 35. Qxe6 Rg6 36. Qxc6 Rxc6 37. Rd7 Rxc5 38. h5 d4 39. f4 Rc2+ 40. Kf3 Rc3+ 41. Kg4 d3 42. f5 Kg8 43. e6 Kf8 44. Kf4 Ra3 45. g4 Rb3 46. g5 Rb4+ 47. Ke3 hxg5 48. h6 gxh6 49. f6 Rb8 50. Rh7 Kg8 51. e7 Kxh7 52. f7 d2 53. Kxd2 Rb2+ 54. Kc3 Rb8 55. e8Q 1-0

[Event "Valencia-ch B"]
[Site "Denia"]
[Date "2019.05.11"]
[Round "5"]
[White "Yuste Valenzuela, Alejandro"]
[Black "Salvador Lopez, Daniel"]
[Result "1-0"]
[WhiteElo "1768"]
[BlackElo "2165"]
[PlyCount "49"]
[EventDate "2019.05.04"]
[EventType "swiss"]
[EventRounds "7"]
[EventCountry "ESP"]
[SourceTitle "EXT 2024"]
[Source "ChessBase"]
[SourceDate "2023.10.10"]
[SourceVersion "1"]
[SourceVersionDate "2023.10.10"]
[SourceQuality "1"]

1. e4 c6 2. d4 d5 3. e5 c5 4. dxc5 Nc6 5. a3 a5 6. Nf3 Bg4 7. Bb5 e6 8. Be3 Nge7 9. Nc3 Nf5 10. Bd4 Bxf3 11. gxf3 Qh4 12. Ne2 Be7 13. Qd2 0-0 14. c3 Rfc8 15. Bxc6 Rxc6 16. b4 axb4 17. cxb4 Rca6 18. Bb2 b6 19. cxb6 Bxb4 20. Qxb4 Qxb4+ 21. axb4 Rxa1+ 22. Bxa1 Rxa1+ 23. Kd2 Ra8 24. b7 Rb8 25. Ra1 1-0

[Event "Valencia-ch B"]
[Site "Denia"]
[Date "2019.05.05"]
[Round "4"]
[White "Salvador Lopez, Daniel"]
[Black "Pena Riasco, Alexander"]
[Result "1/2-1/2"]
[WhiteElo "2165"]
[BlackElo "2104"]
[PlyCount "71"]
[EventDate "2019.05.04"]
[EventType "swiss"]
[EventRounds "7"]
[EventCountry "ESP"]
[SourceTitle "EXT 2024"]
[Source "ChessBase"]
[SourceDate "2023.10.10"]
[SourceVersion "1"]
[SourceVersionDate "2023.10.10"]
[SourceQuality "1"]

1. e4 d5 2. exd5 Qxd5 3. Nc3 Qa5 4. d4 Nf6 5. Nf3 c6 6. h3 e6 7. Bc4 Be7 8. 0-0 0-0 9. Qe2 c5 10. d5 exd5 11. Nxd5 Nxd5 12. Bxd5 Bf6 13. Rd1 Nc6 14. g4 Qc7 15. c3 Bd7 16. Bg5 Bxg5 17. Nxg5 h6 18. Ne4 Rae8 19. Qc2 Ne5 20. Kg2 Bc6 21. c4 Qe7 22. Ng3 Qf6 23. Qf5 Qxf5 24. Nxf5 Nxc4 25. Bxc6 bxc6 26. b3 Nb6 27. Rd6 Re2 28. Rxc6 Rd8 29. Ng3 Rc2 30. Ne4 c4 31. bxc4 Nxc4 32. Ra6 Re8 33. Re1 Re5 34. Rxa7 Nd2 35. Ra4 Nxe4 36. Raxe4 1/2-1/2

[Event "Valencia-ch B"]
[Site "Denia"]
[Date "2019.05.04"]
[Round "1"]
[White "Munoz Osete, Marcos"]
[Black "Salvador Lopez, Daniel"]
[Result "0-1"]
[WhiteElo "1461"]
[BlackElo "2165"]
[PlyCount "78"]
[EventDate "2019.05.04"]
[EventType "swiss"]
[EventRounds "7"]
[EventCountry "ESP"]
[SourceTitle "EXT 2024"]
[Source "ChessBase"]
[SourceDate "2023.10.10"]
[SourceVersion "1"]
[SourceVersionDate "2023.10.10"]
[SourceQuality "1"]

1. d4 Nf6 2. c4 g6 3. Nc3 d5 4. cxd5 Nxd5 5. e4 Nxc3 6. bxc3 Bg7 7. Nf3 c5 8. Bc4 Nc6 9. Bb2 cxd4 10. cxd4 Qa5+ 11. Qd2 Qxd2+ 12. Kxd2 0-0 13. Rab1 Rd8 14. d5 Na5 15. Bd3 Bxb2 16. Rxb2 e6 17. Rb5 b6 18. Ne5 exd5 19. Rxd5 Rxd5 20. exd5 Bb7 21. d6 Rd8 22. d7 f6 23. Ng4 Kf7 24. Bb5 a6 25. Bd3 Bxg2 26. Rg1 Bb7 27. Nh6+ Kg7 28. Nf5+ Kf8 29. Nd4 Rxd7 30. Ne6+ Kf7 31. Re1 Nc4+ 32. Kc3 Ne5 33. Nf4 g5 34. Bf5 Rc7+ 35. Kb2 gxf4 36. Bxh7 Rd7 37. Re2 b5 38. Rc2 Nc4+ 39. Kc1 Bf3 0-1

[Event "ESP-chT CECLUB Div2"]
[Site "Linares"]
[Date "2018.08.17"]
[Round "5.4"]
[White "Salvador Lopez, Daniel"]
[Black "Uroz Torres, David"]
[Result "1-0"]
[WhiteElo "2162"]
[BlackElo "1985"]
[PlyCount "51"]
[EventDate "2018.08.14"]
[EventType "team-swiss"]
[EventRounds "7"]
[EventCountry "ESP"]
[SourceTitle "CBM 186 Extra"]
[Source "ChessBase"]
[SourceDate "2018.08.24"]
[SourceVersion "1"]
[SourceVersionDate "2018.08.24"]
[SourceQuality "1"]
[WhiteTeam "Manises Eva"]
[BlackTeam "Reverte Minerals"]
[WhiteTeamCountry "ESP"]
[BlackTeamCountry "ESP"]

1. d4 e6 2. Nf3 Nf6 3. e3 b6 4. Bd3 Bb7 5. 0-0 Be7 6. Nbd2 d5 7. c3 0-0 8. Ne5 c5 9. f4 Nbd7 10. Qf3 Qc8 11. g4 Ba6 12. g5 Nxe5 13. fxe5 Bxd3 14. gxf6 gxf6 15. exf6 Bd6 16. e4 Kh8 17. Qxd3 Rg8+ 18. Kf2 e5 19. exd5 exd4 20. Ne4 Qf5+ 21. Qf3 Qxd5 22. Nxd6 Qxd6 23. Bf4 Qxf6 24. Rae1 Qh4+ 25. Bg3 Rxg3 26. hxg3 1-0

[Event "ESP-chT CECLUB Div2"]
[Site "Linares"]
[Date "2018.08.16"]
[Round "4.7"]
[White "Merelo Garcia, Francisco"]
[Black "Salvador Lopez, Daniel"]
[Result "0-1"]
[WhiteElo "2069"]
[BlackElo "2162"]
[PlyCount "86"]
[EventDate "2018.08.14"]
[EventType "team-swiss"]
[EventRounds "7"]
[EventCountry "ESP"]
[SourceTitle "CBM 186 Extra"]
[Source "ChessBase"]
[SourceDate "2018.08.24"]
[SourceVersion "1"]
[SourceVersionDate "2018.08.24"]
[SourceQuality "1"]
[WhiteTeam "Ajedrez Roquetas"]
[BlackTeam "Manises Eva"]
[WhiteTeamCountry "ESP"]
[BlackTeamCountry "ESP"]

1. e4 c6 2. d4 d5 3. Nc3 dxe4 4. Nxe4 Bf5 5. Ng3 Bg6 6. h4 h6 7. Nf3 Nd7 8. h5 Bh7 9. Bd3 Bxd3 10. Qxd3 e6 11. 0-0 Ngf6 12. Re1 Be7 13. c4 0-0 14. Bf4 Re8 15. Rad1 Qb6 16. Ne5 Nxe5 17. dxe5 Rad8 18. Qf3 Nd7 19. Ne4 Qxb2 20. Qg3 Kh8 21. Rd2 Qb6 22. Red1 Nc5 23. Nd6 Bxd6 24. Rxd6 Ne4 25. Rxd8 Rxd8 26. Rxd8+ Qxd8 27. Qf3 Qd4 28. Be3 Qa1+ 29. Kh2 Qxe5+ 30. Bf4 Qf5 31. g4 Nd2 32. gxf5 Nxf3+ 33. Kg3 Nd4 34. fxe6 Nxe6 35. Be3 a6 36. c5 f5 37. f3 Kg8 38. Kg2 Kf7 39. Kf1 Kf6 40. f4 Nc7 41. Bd4+ Kf7 42. Be5 Nd5 43. Ke2 Nf6 0-1

[Event "ESP-chT CECLUB Div2"]
[Site "Linares"]
[Date "2018.08.15"]
[Round "3.4"]
[White "Salvador Lopez, Daniel"]
[Black "Jimenez Mompo, Candido"]
[Result "1/2-1/2"]
[WhiteElo "2162"]
[BlackElo "2054"]
[PlyCount "60"]
[EventDate "2018.08.14"]
[EventType "team-swiss"]
[EventRounds "7"]
[EventCountry "ESP"]
[SourceTitle "CBM 186 Extra"]
[Source "ChessBase"]
[SourceDate "2018.08.24"]
[SourceVersion "1"]
[SourceVersionDate "2018.08.24"]
[SourceQuality "1"]
[WhiteTeam "Manises Eva"]
[BlackTeam "Xeraco CE"]
[WhiteTeamCountry "ESP"]
[BlackTeamCountry "ESP"]

1. d4 Nf6 2. Bg5 Ne4 3. Bf4 d5 4. e3 c5 5. Nd2 Nxd2 6. Qxd2 Nc6 7. Nf3 e6 8. Be2 Bd6 9. Bxd6 Qxd6 10. 0-0 0-0 11. Rfd1 Rd8 12. Rac1 c4 13. c3 b5 14. Qc2 Bb7 15. e4 dxe4 16. Qxe4 h6 17. Qh4 Ne7 18. Qg3 Qxg3 19. hxg3 Bd5 20. Ne5 Nc6 21. Nxc6 Bxc6 22. Bf3 Bd5 23. Re1 Rd7 24. Re5 Rad8 25. Rce1 Kf8 26. Kf1 Rd6 27. Bxd5 Rxd5 28. R1e3 Ke7 29. Ke2 R8d6 30. Kd2 Kd7 1/2-1/2

[Event "Sueca op 4th"]
[Site "Sueca"]
[Date "2018.07.29"]
[Round "8"]
[White "Salvador Lopez, Daniel"]
[Black "Camarena Gimenez, Rufino"]
[Result "0-1"]
[WhiteElo "2162"]
[BlackElo "2354"]
[PlyCount "78"]
[EventDate "2018.07.23"]
[EventType "swiss"]
[EventRounds "8"]
[EventCountry "ESP"]
[SourceTitle "CBM 185 Extra"]
[Source "ChessBase"]
[SourceDate "2018.07.29"]
[SourceVersion "1"]
[SourceVersionDate "2018.07.29"]
[SourceQuality "1"]

1. d4 Nf6 2. Bg5 d5 3. e3 Ne4 4. Bf4 e6 5. Nd2 Nxd2 6. Qxd2 c5 7. dxc5 Bxc5 8. Qc3 Be7 9. Qxg7 Bf6 10. Qg3 Bxb2 11. Bc7 Qf6 12. Rb1 Bc3+ 13. Kd1 Nc6 14. Ne2 Be5 15. Bxe5 Nxe5 16. Nd4 h5 17. Nf3 Nxf3 18. gxf3 h4 19. Bb5+ Kf8 20. Qd6+ Qe7 21. Qxe7+ Kxe7 22. Rg1 a6 23. Bd3 b5 24. f4 Bd7 25. Kd2 Rab8 26. Rg7 a5 27. Rbg1 b4 28. Rh7 Rxh7 29. Bxh7 f5 30. Rg7+ Kd6 31. Bg6 Rc8 32. Bh5 Rc3 33. Rg1 Ra3 34. Ra1 Bb5 35. Be2 Bc4 36. Bxc4 dxc4 37. Rd1 Rxa2 38. Kc1+ Kc5 39. Rd8 b3 0-1

[Event "Valencia Region-ch"]
[Site "Valencia"]
[Date "2016.10.29"]
[Round "4"]
[White "Nieves Cabanes, Jose Manuel"]
[Black "Salvador Lopez, Daniel"]
[Result "1-0"]
[WhiteElo "2211"]
[BlackElo "2119"]
[PlyCount "85"]
[EventDate "2016.10.01"]
[EventType "swiss"]
[EventRounds "7"]
[EventCountry "ESP"]
[SourceTitle "EXT 2024"]
[Source "ChessBase"]
[SourceDate "2023.10.10"]
[SourceVersion "1"]
[SourceVersionDate "2023.10.10"]
[SourceQuality "1"]

1. Nf3 Nf6 2. c4 e6 3. g3 d5 4. Bg2 dxc4 5. Qa4+ Qd7 6. Qxc4 Qc6 7. b3 Bd7 8. 0-0 Qxc4 9. bxc4 Bc6 10. Nc3 a6 11. d3 Nbd7 12. Bf4 Bd6 13. Bxd6 cxd6 14. Rab1 0-0-0 15. Rb2 Kc7 16. Rc1 Ne5 17. Nxe5 dxe5 18. Bxc6 Kxc6 19. Rcb1 Rb8 20. f3 Nd7 21. Kf2 b6 22. Ke3 Nc5 23. f4 exf4+ 24. gxf4 Rhg8 25. Rg1 Nb7 26. d4 Nd6 27. Kd3 b5 28. d5+ exd5 29. cxd5+ Kc5 30. e4 Nc4 31. Rc2 Rbe8 32. Na4+ Kd6 33. Kd4 f6 34. Nc5 g5 35. fxg5 Ne5 36. Rf2 Ref8 37. Rgf1 Ng4 38. Rxf6+ Nxf6 39. e5+ Ke7 40. gxf6+ Kf7 41. e6+ Kg6 42. f7 Rh8 43. Nd7 1-0

[Event "Mislata op 50th"]
[Site "Mislata"]
[Date "2016.08.09"]
[Round "2"]
[White "Kovacevic, Slobodan"]
[Black "Salvador Lopez, Daniel"]
[Result "0-1"]
[WhiteElo "2303"]
[BlackElo "2140"]
[PlyCount "94"]
[EventDate "2016.08.08"]
[EventType "swiss"]
[EventRounds "9"]
[EventCountry "ESP"]
[SourceTitle "CBM 173 Extra"]
[Source "ChessBase"]
[SourceDate "2016.08.29"]
[SourceVersion "1"]
[SourceVersionDate "2016.08.29"]
[SourceQuality "1"]

1. d4 Nf6 2. Nf3 d5 3. Bf4 c5 4. e3 Nc6 5. c3 Qb6 6. Qb3 c4 7. Qc2 Bf5 8. Qc1 e6 9. Nbd2 Be7 10. Be2 Nh5 11. Bg3 Nxg3 12. hxg3 h6 13. Nh4 Bh7 14. f4 Qc7 15. Bd1 b5 16. a3 a5 17. Bc2 Bxc2 18. Qxc2 Bxh4 19. Rxh4 g5 20. Rh5 f5 21. Kf2 g4 22. b3 a4 23. bxc4 bxc4 24. Rb1 Kf7 25. Rbh1 Kg7 26. e4 dxe4 27. Nxc4 Na5 28. Ne3 Nc4 29. Re1 Nxe3 30. Rxe3 Qc4 31. Rh1 Rhb8 32. Rb1 Rb3 33. Rxb3 Qxb3 34. Qe2 Rc8 35. Qa6 Rxc3 36. Rxc3 Qxc3 37. Qxa4 Kf6 38. Kg1 Qxg3 39. Qe8 Qe3+ 40. Kh1 Qc1+ 41. Kh2 Qxf4+ 42. Kh1 Qc1+ 43. Kh2 Qc7+ 44. Kh1 g3 45. Qf8+ Kg5 46. Qc5 Qxc5 47. dxc5 e3 0-1

[Event "Mislata op 50th"]
[Site "Mislata"]
[Date "2016.08.08"]
[Round "1"]
[White "Salvador Lopez, Daniel"]
[Black "Torrijos Garcia, Borja"]
[Result "1-0"]
[WhiteElo "2140"]
[BlackElo "1916"]
[PlyCount "36"]
[EventDate "2016.08.08"]
[EventType "swiss"]
[EventRounds "9"]
[EventCountry "ESP"]
[SourceTitle "EXT 2017"]
[Source "ChessBase"]
[SourceDate "2016.10.25"]
[SourceVersion "1"]
[SourceVersionDate "2016.10.25"]
[SourceQuality "1"]

1. d4 Nf6 2. Bg5 Ne4 3. Bf4 c5 4. d5 Qb6 5. Nd2 Qxb2 6. Nxe4 Qb4+ 7. c3 Qxe4 8. e3 g6 9. Nf3 Bg7 10. Rc1 Qf5 11. g4 Qxg4 12. Rg1 Qh5 13. Rg5 Bxc3+ 14. Rxc3 Qh6 15. d6 Qg7 16. Rgxc5 Nc6 17. dxe7 Nxe7 18. Bd6 Nc6 1-0

[Event "Sueca op 2nd"]
[Site "Sueca"]
[Date "2016.07.30"]
[Round "7.3"]
[White "Montoliu Cervero, Francisco"]
[Black "Salvador Lopez, Daniel"]
[Result "1-0"]
[WhiteElo "2326"]
[BlackElo "2140"]
[PlyCount "121"]
[EventDate "2016.07.25"]
[EventType "swiss"]
[EventRounds "8"]
[EventCountry "ESP"]
[SourceTitle "EXT 2024"]
[Source "ChessBase"]
[SourceDate "2023.10.10"]
[SourceVersion "1"]
[SourceVersionDate "2023.10.10"]
[SourceQuality "1"]

1. e4 d5 2. exd5 Qxd5 3. Nc3 Qa5 4. d4 Nf6 5. Bc4 c6 6. Bd2 Qc7 7. Qe2 e6 8. Nf3 Bd6 9. Ne5 Bxe5 10. dxe5 Nd5 11. f4 Nxc3 12. Bxc3 b5 13. Bd3 a5 14. b4 axb4 15. Bxb4 c5 16. Bxb5+ Bd7 17. Bd2 Bxb5 18. Qxb5+ Nd7 19. c4 0-0 20. Qb3 Rfb8 21. Qc2 Nxe5 22. 0-0 Nc6 23. Bc3 Ra3 24. Rf3 Qa7 25. Rh3 h6 26. Qf2 Ra8 27. Rg3 g6 28. h4 h5 29. Bf6 Rxg3 30. Qxg3 Nd4 31. Kh2 Nf5 32. Qd3 Nd4 33. a4 Qc7 34. Qe4 Qc6 35. Qe5 Kh7 36. Ra3 Ra5 37. Qg5 Nf5 38. Be5 Qe8 39. Rd3 Ra8 40. Qf6 Qe7 41. a5 Qxf6 42. Bxf6 g5 43. fxg5 Rxa5 44. g4 Ra2+ 45. Kg1 hxg4 46. Rd8 Ng3 47. h5 Nxh5 48. Rh8+ Kg6 49. Rh6+ Kf5 50. Rxh5 Rc2 51. Rh7 g3 52. Rxf7 Rxc4 53. Be7+ Kg4 54. g6 Rc1+ 55. Rf1 Rc2 56. g7 Kh3 57. Ra1 Rg2+ 58. Kf1 Rh2 59. g8Q Rh1+ 60. Ke2 Rxa1 61. Qh8+ 1-0

[Event "Mislata op-A 23rd"]
[Site "Mislata"]
[Date "2015.08.10"]
[Round "1"]
[White "Valmana Canto, Jaime"]
[Black "Salvador Lopez, Daniel"]
[Result "1-0"]
[WhiteElo "2424"]
[BlackElo "2117"]
[PlyCount "53"]
[EventDate "2015.08.10"]
[EventType "swiss"]
[EventRounds "9"]
[EventCountry "ESP"]
[SourceTitle "EXT 2016"]
[Source "ChessBase"]
[SourceDate "2015.10.08"]
[SourceVersion "1"]
[SourceVersionDate "2015.10.08"]
[SourceQuality "1"]

1. b3 b6 2. Bb2 Bb7 3. Nf3 Nf6 4. e3 e6 5. d4 Be7 6. Bd3 0-0 7. Nbd2 d5 8. Ne5 Ne4 9. Nxe4 dxe4 10. Bc4 Bd5 11. f3 f6 12. Ng4 Bxc4 13. bxc4 Qd6 14. 0-0 Qb4 15. Rb1 Qxc4 16. fxe4 Nc6 17. Qf3 f5 18. Nf2 f4 19. exf4 Nxd4 20. Bxd4 Qxd4 21. Kh1 Rad8 22. Qb3 Kh8 23. Qxe6 Rxf4 24. Qxe7 Rdf8 25. Rbd1 Qc4 26. Kg1 h6 27. Rd8 1-0

[Event "Valencia Provincial-ch"]
[Site "Valencia"]
[Date "2014.10.18"]
[Round "3"]
[White "Cruz Lledo, Pablo"]
[Black "Salvador Lopez, Daniel"]
[Result "1-0"]
[WhiteElo "2290"]
[BlackElo "2117"]
[PlyCount "67"]
[EventDate "2014.09.27"]
[EventType "swiss"]
[EventRounds "7"]
[EventCountry "ESP"]
[SourceTitle "EXT 2016"]
[Source "ChessBase"]
[SourceDate "2015.10.08"]
[SourceVersion "1"]
[SourceVersionDate "2015.10.08"]
[SourceQuality "1"]

1. d4 Nf6 2. c4 e6 3. Nc3 Bb4 4. e3 b6 5. Bd3 Bb7 6. f3 d5 7. Nge2 0-0 8. 0-0 Nbd7 9. a3 Be7 10. e4 c5 11. e5 Ne8 12. cxd5 cxd4 13. dxe6 Nxe5 14. Be4 Bxe4 15. exf7+ Rxf7 16. Nxe4 d3 17. Nf4 Rc8 18. Qb3 Rc4 19. Rd1 Rxe4 20. fxe4 Qd4+ 21. Kh1 Ng4 22. Nxd3 Kf8 23. h3 Nef6 24. Bf4 Nxe4 25. hxg4 Rxf4 26. Nxf4 Nf2+ 27. Kh2 Qxf4+ 28. g3 Qh6+ 29. Kg2 Bc5 30. Qf3+ Ke7 31. Re1+ Kd8 32. Rad1+ Kc8 33. Re8+ Kc7 34. Qf7+ 1-0

[Event "Valencia op 7th"]
[Site "Valencia"]
[Date "2014.01.03"]
[Round "5"]
[White "Galvan Cipriani, Viviana"]
[Black "Salvador Lopez, Daniel"]
[Result "1-0"]
[WhiteElo "1456"]
[BlackElo "2125"]
[PlyCount "131"]
[EventDate "2014.01.02"]
[EventType "swiss"]
[EventRounds "7"]
[EventCountry "ESP"]
[SourceTitle "CBM 158 Extra"]
[Source "ChessBase"]
[SourceDate "2014.02.28"]
[SourceVersion "1"]
[SourceVersionDate "2014.02.28"]
[SourceQuality "1"]

1. c4 c6 2. Nf3 Nf6 3. e3 d5 4. d4 Bf5 5. Bd3 Bxd3 6. Qxd3 e6 7. 0-0 Nbd7 8. Nbd2 Be7 9. b3 0-0 10. Bb2 a5 11. Ne5 dxc4 12. Nexc4 a4 13. f4 a3 14. Bc3 Nd5 15. Nf3 Nxc3 16. Qxc3 Nf6 17. Nce5 Qd5 18. Rae1 Ne4 19. Qd3 Rfd8 20. Rd1 f6 21. Nc4 Ra6 22. Nfd2 Nxd2 23. Nxd2 c5 24. Nf3 cxd4 25. Qxd4 Bc5 26. Qc3 Qxd1 27. Rxd1 Rxd1+ 28. Kf2 Bf8 29. Nd4 Rd6 30. Qc8 R1xd4 31. exd4 Rc6 32. Qd7 Rd6 33. Qc8 b5 34. b4 Kf7 35. Qb7+ Be7 36. Ke3 Rd5 37. Qc7 g5 38. fxg5 fxg5 39. Qa7 e5 40. dxe5 Rxe5+ 41. Kd4 Rf5 42. Qxa3 Rf4+ 43. Ke5 Rxb4 44. Qf3+ Kg7 45. Ke6 Rf4 46. Qxf4 gxf4 47. Kxe7 Kg6 48. Kd6 Kf5 49. Kc5 Ke4 50. Kxb5 Ke3 51. a4 Kf2 52. a5 Kxg2 53. a6 f3 54. a7 f2 55. a8Q+ Kg1 56. Qg8+ Kh1 57. Qd5+ Kxh2 58. Qh5+ Kg2 59. Qg4+ Kh1 60. Qh3+ Kg1 61. Qg3+ Kf1 62. Kc4 h5 63. Kd3 h4 64. Qxh4 Kg2 65. Qg4+ Kh2 66. Ke2 1-0

[Event "Valencia op 7th"]
[Site "Valencia"]
[Date "2014.01.03"]
[Round "3"]
[White "Gimenez Menchon, Cesar"]
[Black "Salvador Lopez, Daniel"]
[Result "1-0"]
[WhiteElo "2032"]
[BlackElo "2125"]
[PlyCount "113"]
[EventDate "2014.01.02"]
[EventType "swiss"]
[EventRounds "7"]
[EventCountry "ESP"]
[SourceTitle "CBM 158 Extra"]
[Source "ChessBase"]
[SourceDate "2014.02.28"]
[SourceVersion "1"]
[SourceVersionDate "2014.02.28"]
[SourceQuality "1"]

1. e4 c6 2. d4 d5 3. Nd2 dxe4 4. Nxe4 Bf5 5. Ng3 Bg6 6. h4 h6 7. h5 Bh7 8. Nf3 Nd7 9. Bd3 Bxd3 10. Qxd3 e6 11. Bd2 Ngf6 12. 0-0-0 Be7 13. Kb1 0-0 14. Ne4 Nxe4 15. Qxe4 Nf6 16. Qd3 Qd5 17. Rhe1 Ng4 18. Qe2 Qb5 19. Ne5 Qxe2 20. Rxe2 Nxe5 21. dxe5 Rfd8 22. Ree1 Bc5 23. f3 Rd5 24. Bf4 Rad8 25. Kc1 Bb6 26. Rxd5 Rxd5 27. Rd1 Bc7 28. Rxd5 exd5 29. Be3 b6 30. f4 Kf8 31. Kd2 Ke7 32. Kd3 g6 33. hxg6 fxg6 34. c4 dxc4+ 35. Kxc4 Ke6 36. Bd2 h5 37. b4 g5 38. fxg5 Bxe5 39. b5 c5 40. a4 h4 41. a5 Kf5 42. a6 Bb2 43. Kd5 Kg4 44. Kc6 c4 45. Kb7 c3 46. Be3 c2 47. Kxa7 Kg3 48. Kb7 Kxg2 49. a7 Bd4 50. Bc1 h3 51. a8Q h2 52. Ka6+ Kg1 53. Qe4 Bf2 54. Qxc2 h1Q 55. Qd1+ Kg2 56. Qxh1+ Kxh1 57. g6 1-0

[Event "Valencia op 7th"]
[Site "Valencia"]
[Date "2014.01.02"]
[Round "1"]
[White "Aimimir Gimenez, Jose"]
[Black "Salvador Lopez, Daniel"]
[Result "0-1"]
[WhiteElo "1618"]
[BlackElo "2125"]
[PlyCount "110"]
[EventDate "2014.01.02"]
[EventType "swiss"]
[EventRounds "7"]
[EventCountry "ESP"]
[SourceTitle "CBM 158 Extra"]
[Source "ChessBase"]
[SourceDate "2014.02.28"]
[SourceVersion "1"]
[SourceVersionDate "2014.02.28"]
[SourceQuality "1"]

1. d4 c6 2. c4 d5 3. Nc3 Nf6 4. cxd5 cxd5 5. Bf4 Nc6 6. e3 Qb6 7. a3 Bg4 8. Qd2 Bf5 9. Bd3 Bxd3 10. Qxd3 Qxb2 11. Rb1 Qxa3 12. Rxb7 Ne4 13. Nge2 Nxc3 14. Qxc3 Qxc3+ 15. Nxc3 e6 16. Nb5 Bb4+ 17. Ke2 0-0 18. Bd6 Bxd6 19. Nxd6 Rad8 20. Nb5 Rb8 21. Rxb8 Rxb8 22. Rc1 Rxb5 23. Rxc6 g5 24. g4 a5 25. Ra6 Rb2+ 26. Kf3 Ra2 27. Kg2 Kg7 28. h3 a4 29. Kf1 a3 30. Kg2 Kf6 31. Kg3 Ke7 32. Kg2 Ra1 33. Kh2 Kd7 34. Kg2 Kc7 35. Kf3 Kb7 36. Ra4 Kb6 37. Ke2 Kb5 38. Ra7 Kc4 39. Rc7+ Kb3 40. Rb7+ Ka2 41. Rxf7 Rb1 42. f4 gxf4 43. exf4 Rb3 44. Rxh7 Kb2 45. g5 a2 46. Ra7 Ra3 47. Rb7+ Kc3 48. Rc7+ Kxd4 49. Rc1 a1Q 50. Rxa1 Rxa1 51. Kf3 e5 52. fxe5 Kxe5 53. h4 Kf5 54. Kg2 Re1 55. Kf3 d4 0-1